00522nam a2200193 a 4500001001300000003000900013005001700022008004100039020001100080082001800091100001800109245004200127260004700169300000900216500003500225505001000260650004000270700001800310nice12345678IN_TiNIC20260116011658.0050524s1974 mada grp 000 0 eng  ac12.500a291.172bSAM3 aSamartha, S J aHindu Response to the Unbound Christ. aMadrasbChristian Literature Societyc1974 a200p aincludes index and biblioraphy2 aIndex aInterfaith Dialogue-Christian Hindu1 aSamartha, S J